| 000 | 00779nam a22002177a 4500 | ||
|---|---|---|---|
| 999 |
_c2186 _d2186 |
||
| 003 | AR-CdUCM | ||
| 008 | 190304b ||||| |||| 00| 0 spa d | ||
| 040 |
_aMUNICIPALIDAD PROVINCIAL DEL CUSCO _cBIBLIOTECA MUNICIPAL DEL CUSCO |
||
| 082 |
_a340.1 / _bV86 |
||
| 100 |
_aVon Ihering, Rudolf _97886 |
||
| 245 | _aEl fin en el derecho / | ||
| 260 |
_aBuenos Aires : _bAtalaya, _c1946. |
||
| 300 |
_a280 paginas ; _c23 cm. |
||
| 505 | _aLa ley de finalidad -- La noción de finalidad en el animal, como punto de partida para el problema de la finalidad en el hombre -- El egoísmo al servicio de los fines ajenos ... | ||
| 650 |
_aLey _97887 |
||
| 650 |
_aEgoísmo _9354 |
||
| 650 |
_aFinalidad de la ley _97888 |
||
| 650 |
_aSalario _97889 |
||
| 942 |
_2ddc _cLIBROS |
||
| 945 | _aacv | ||